Cargando…

Conviction in an optional society : Pentecostal / Charismatic Christianity and religious pluralism /

Today, more than ever, we are challenged to think on a larger scale and act in common pursuit with regard to social challenges, our convictions and public engagement. What bearing do these contexts have on our communication and practical action? How can we live responsively and remain faithful to ou...

Descripción completa

Detalles Bibliográficos
Clasificación:Libro Electrónico
Otros Autores: Behera, Marina Ngursangzeli (Editor ), Plüss, Jean-Daniel, 1956- (Editor )
Formato: Electrónico eBook
Idioma:Inglés
Publicado: Oxford, UK : Regnum Books International, 2020.
Colección:Regnum studies in mission.
Temas:
Acceso en línea:Texto completo

MARC

LEADER 00000cam a2200000 i 4500
001 JSTOR_on1202451976
003 OCoLC
005 20231005004200.0
006 m o d
007 cr cnu---unuuu
008 201031t20202020enk o 000 0 eng d
040 |a EBLCP  |b eng  |e rda  |e pn  |c EBLCP  |d N$T  |d OCLCO  |d JSTOR  |d YDX  |d P@U  |d YDX  |d OCLCO  |d OCLCF  |d KAT  |d N$T  |d OCLCQ  |d OCLCO  |d UKAHL  |d KAT  |d FAU  |d OCLCO  |d OCLCQ 
019 |a 1201386462  |a 1202473417  |a 1263023912 
020 |a 9781506483863  |q (ebook) 
020 |a 1506483860  |q (ebook) 
020 |a 9781913363611  |q (epub) 
020 |a 1913363619  |q (epub) 
020 |z 1913363600 
020 |z 9781913363604 
020 |z 150648364X 
020 |z 9781506483641 
029 1 |a AU@  |b 000069792008 
035 |a (OCoLC)1202451976  |z (OCoLC)1201386462  |z (OCoLC)1202473417  |z (OCoLC)1263023912 
037 |a 22573/ctv1txtg0c  |b JSTOR 
050 4 |a BV4501.3  |b .C66 2020eb 
082 0 4 |a 248.4  |2 23 
049 |a UAMI 
245 0 0 |a Conviction in an optional society :  |b Pentecostal / Charismatic Christianity and religious pluralism /  |c edited by Marina Ngursangzeli Behera and Jean-Daniel Plüss. 
264 1 |a Oxford, UK :  |b Regnum Books International,  |c 2020. 
264 4 |c ©2020 
300 |a 1 online resource 
336 |a text  |b txt  |2 rdacontent 
337 |a computer  |b c  |2 rdamedia 
338 |a online resource  |b cr  |2 rdacarrier 
490 1 |a Regnum studies in mission 
505 0 0 |g PART I. SETTING THE STAGE --  |t Christian church among religions : toward a hospitable missionary encounter with the other /  |r Veli-Matti Kärkkäinen --  |t Pentecostal garb in a naked public square /  |r Thomas Harvey --  |t Towards a transcultural church : creating spaces for intercultural and interfaith developments /  |r Werner Kahl --  |g PART II. PRACTICAL EXPERIENCES AND QUESTIONS --  |t For love of God : a comparative analysis of Pentecostal and Sufi spirituality and rituals of worship /  |r Jacqueline N. Grey --  |t How the UEM community of Protestant churches deals with Pentecostal and Charismatic challenges /  |r Claudia Währisch-Oblau --  |t Roles of intercultural churches in super-diverse neighborhoods /  |r Brian Seim --  |t Enriching experiences : being church with an intercultural approach /  |r Rolf Zwick --  |t God has enemies : Pentecostal dualism in a monistic world /  |r William P. Atkinson --  |g PARTICULAR ISSUES --  |t Religious plurality in a contested field : Christianity and other religions in India /  |r Marina Ngursangzeli Behera --  |t Religious plurality beyond the secular critique : Michel de Certeau and the space of religious difference /  |r Jeffrey Thomas. 
520 |a Today, more than ever, we are challenged to think on a larger scale and act in common pursuit with regard to social challenges, our convictions and public engagement. What bearing do these contexts have on our communication and practical action? How can we live responsively and remain faithful to our fundamental beliefs? The papers presented here suggest constructive answers. 
588 0 |a Online resource; title from digital title page (viewed on August 23, 2021). 
590 |a JSTOR  |b Books at JSTOR Evidence Based Acquisitions 
590 |a JSTOR  |b Books at JSTOR All Purchased 
590 |a JSTOR  |b Books at JSTOR Demand Driven Acquisitions (DDA) 
650 0 |a Christian life. 
650 0 |a Conduct of life  |x Religious aspects  |x Christianity. 
650 6 |a Vie chrétienne. 
650 7 |a Christian life.  |2 fast  |0 (OCoLC)fst00859185 
650 7 |a Conduct of life  |x Religious aspects  |x Christianity.  |2 fast  |0 (OCoLC)fst00874575 
700 1 |a Behera, Marina Ngursangzeli,  |e editor. 
700 1 |a Plüss, Jean-Daniel,  |d 1956-  |e editor. 
776 0 8 |i Print version:  |a Behera, Marina Ngursangzeli.  |t Conviction in an Optional Society : Pentecostal / Charismatic Christianity and Religious Pluralism.  |d Oxford : Regnum Books International, ©2020  |z 9781913363604 
830 0 |a Regnum studies in mission. 
856 4 0 |u https://jstor.uam.elogim.com/stable/10.2307/j.ctv1v08zn0  |z Texto completo 
938 |a Askews and Holts Library Services  |b ASKH  |n AH38023513 
938 |a ProQuest Ebook Central  |b EBLB  |n EBL6373724 
938 |a EBSCOhost  |b EBSC  |n 3018425 
938 |a Project MUSE  |b MUSE  |n muse99852 
938 |a YBP Library Services  |b YANK  |n 301639174 
938 |a YBP Library Services  |b YANK  |n 302366776 
994 |a 92  |b IZTAP